000 00222 a2200085 4500
245 0 _aSemiconductors /
_c.
250 _a6 edition.
710 2 _aDeurne-Antwerp.
_eWydawca
_4pbl
260 _aKluwer :
_bDeurne-Antwerp,
_c1978.
300 _a281 s.;
_c24 cm.
999 _c11135
_d11135